Word Ladder: Shakespeare Play II Quiz Stats

 Plays Quiz Updated Sep 29, 2016

Challenge
Share
Tweet
Embed
Score 0/26 Timer 03:00
1 Play Today
Hint Word % Correct
♛ RULER ♛♛ KING ♛
95.1%
Canine commentBARK
92.2%
Prepare to travelPACK
90.8%
Posterior sideBACK
90.4%
Tie togetherBIND
88.6%
AvianBIRD
87.7%
Kind of cherryBING
86.2%
♛ MINSTREL ♛♛ BARD ♛
85.7%
Football kickPUNT
82.5%
Actor's rolePART
81.9%
♛ OBERON'S FAIRY ♛♛ PUCK ♛
79.4%
Harbor townPORT
78.6%
____ she blows!THAR
78%
Hint Word % Correct
Minor hooliganPUNK
75.2%
Nintendo's Mario ____KART
71.8%
♛ SONNET WRITER ♛♛ POET ♛
70.2%
SearCHAR
68.2%
Internet gabCHAT
68%
Actress Amanda ____PEET
56%
Philosopher Immanuel ____KANT
55.7%
RendTEAR
55.1%
Sphagnum soilPEAT
54%
Urban slang for excellentPHAT
52.5%
♛ KIND OF JET ♛ ♛ LEAR ♛
52.3%
'...cabined, cribbed, confined...'PENT
32.6%
♛ FAITHFUL SERVANT ♛♛ KENT ♛
27.4%

Today's Daily Dose

You're not logged in!

Compare scores with friends on all Sporcle quizzes.
Join for Free
OR
Log In

You Might Also Like...

Show Comments

Extras

Top Quizzes Today


Score Distribution

Your Account Isn't Verified!

In order to create a playlist on Sporcle, you need to verify the email address you used during registration. Go to your Sporcle Settings to finish the process.

Report this User

Report this user for behavior that violates our Community Guidelines.

Details: